Reportage kundjungan Presiden R.I. Djenderal Soeharto di Sumatera Barat, (Record no. 89125)

MARC details
000 -LEADER
fixed length control field 00679cam a22002171 4500
001 - CONTROL NUMBER
control field sa 68019880
003 - CONTROL NUMBER IDENTIFIER
control field DLC
005 - DATE AND TIME OF LATEST TRANSACTION
control field 20260227112720.0
008 - FIXED-LENGTH DATA ELEMENTS--GENERAL INFORMATION
fixed length control field 780309s1968 io a 000 0 ind
010 ## - LIBRARY OF CONGRESS CONTROL NUMBER
LC control number sa 68019880
025 ## - OVERSEAS ACQUISITION NUMBER
Overseas acquisition number PL480:Indo-8628
040 ## - CATALOGING SOURCE
Original cataloging agency DLC
Transcribing agency DLC
Modifying agency DLC
043 ## - GEOGRAPHIC AREA CODE
Geographic area code a-io---
050 00 - LIBRARY OF CONGRESS CALL NUMBER
Classification number DS644.4
Item number .S89 1968
110 1# - MAIN ENTRY--CORPORATE NAME
Corporate name or jurisdiction name as entry element Sumatera Barat, Indonesia.
Subordinate unit Jawatan Penerangan.
245 10 - TITLE STATEMENT
Title Reportage kundjungan Presiden R.I. Djenderal Soeharto di Sumatera Barat,
Remainder of title tgl. 28 s/d 30 Agustus 1968.
260 ## - PUBLICATION, DISTRIBUTION, ETC.
Place of publication, distribution, etc. [Padang]
Date of publication, distribution, etc. 1968.
300 ## - PHYSICAL DESCRIPTION
Extent 18 l.
Other physical details illus.
Dimensions 33 cm.
500 ## - GENERAL NOTE
General note "P.C. 12/VIII/68."
651 #0 - SUBJECT ADDED ENTRY--GEOGRAPHIC NAME
Geographic name Indonesia
General subdivision Politics and government
Chronological subdivision 1966-1998.

No items available.

Powered by Koha